000 00625nam a2200217Ia 4500
005 20250508162035.0
008 008 250505s9999 xx 000 0 eng d
020 _a06-318071-5
037 _aTextual
040 _aFEDL
_beng
_cFEDL
041 _aeng
_2eng
084 _a510.7, GLE
_qFEDL
100 _aGlenn J A
_9597578
245 0 _aTeaching primary mathematics : Strategy and evaluation
260 _aLondon, UK
_bHarper and Row
_c1977
300 _avii,110p
365 _aGBP
_b3.95
650 _aMathematics - Study And Teaching
_9755526
942 _cTEXL
_h510.7, GLE
999 _c1374001
_d1374001